[Event "Novosibirsk"]
[Site "Novosibirsk"]
[Date "2007.02.11"]
[Round "5"]
[White "Kharkovsky, Dmitry"]
[Black "Lifshits, Dan"]
[Result "1/2-1/2"]
[WhiteElo "2195"]
[BlackElo "2067"]
[PlyCount "96"]
[EventDate "2007.02.04"]
[EventType "tourn"]
[EventRounds "11"]
[EventCountry "RUS"]
[SourceTitle "EXT 2010"]
[Source "ChessBase"]
[SourceDate "2010.11.25"]
[SourceVersion "1"]
[SourceVersionDate "2010.11.25"]
[SourceQuality "1"]

1. e4 c5 2. c3 d5 3. exd5 Qxd5 4. d4 Nf6 5. Nf3 Bg4 6. Nbd2 e6 7. Qa4+ Nc6 8. Bb5 Bxf3 9. Nxf3 Be7 10. Be3 0-0 11. 0-0 cxd4 12. Nxd4 Nxd4 13. Bxd4 Qh5 14. Rfe1 Bd6 15. h3 e5 16. Be3 a6 17. Be2 Qg6 18. c4 e4 19. c5 Be5 20. Qb3 Rab8 21. Rad1 Kh8 22. Qb6 Rfc8 23. Rd2 Bc7 24. Qb4 Ng8 25. Red1 f5 26. Rd7 f4 27. Rxc7 fxe3 28. Rxc8 exf2+ 29. Kxf2 Rxc8 30. Bg4 Rf8+ 31. Kg1 Qf6 32. Qd4 Qg5 33. b4 Nf6 34. Qd6 Re8 35. Bd7 Ra8 36. Qe7 Qe3+ 37. Kh1 Qf2 38. Be6 Re8 39. Rd8 Qf1+ 40. Kh2 Qf4+ 41. Kg1 Qc1+ 42. Kf2 Qb2+ 43. Kf1 Qc1+ 44. Ke2 Qb2+ 45. Kd1 Qb1+ 46. Kd2 Qb2+ 47. Ke1 Qb1+ 48. Kf2 Qb2+ 1/2-1/2

[Event "RUS-chT2"]
[Site "Novokuznetsk"]
[Date "2003.??.??"]
[Round "1"]
[White "Lykov, Vasili"]
[Black "Kharkovsky, Dmitry"]
[Result "1/2-1/2"]
[WhiteElo "2317"]
[BlackElo "2104"]
[PlyCount "120"]
[EventDate "2003.??.??"]
[EventType "team"]
[EventRounds "9"]
[EventCountry "RUS"]
[SourceTitle "EXT 2005"]
[Source "ChessBase"]
[SourceDate "2004.11.15"]
[SourceVersion "1"]
[SourceVersionDate "2004.11.15"]
[SourceQuality "1"]

1. e4 e6 2. d4 d5 3. e5 c5 4. c3 Nc6 5. Nf3 Bd7 6. a3 Nge7 7. b4 cxd4 8. cxd4 Nf5 9. Bb2 Qb6 10. g4 Nfe7 11. Nc3 Na5 12. Na4 Qc6 13. b5 Qc7 14. Rc1 Qd8 15. Nc5 Ng6 16. h4 Nc4 17. Bxc4 Bxc5 18. dxc5 dxc4 19. a4 a6 20. h5 Ne7 21. Nd4 Qa5+ 22. Kf1 Qb4 23. Qe2 axb5 24. axb5 Ra2 25. c6 bxc6 26. bxc6 Nxc6 27. Rxc4 Qb7 28. Qe4 Rxb2 29. Nxc6 Rb6 30. Na5 Qxe4 31. Rxe4 Rb5 32. Nc4 Rb1+ 33. Re1 Rxe1+ 34. Kxe1 Bc6 35. Rh3 Ke7 36. Ra3 Ra8 37. Rxa8 Bxa8 38. Ke2 f6 39. f4 Bd5 40. Ne3 Be4 41. Kf2 h6 42. Nc4 Bd5 43. Nd6 Bb3 44. Nb5 Bd1 45. Kg3 Be2 46. Nd4 Bc4 47. Kf3 Bd5+ 48. Ke3 Bc4 49. Nf3 Bb3 50. Kd2 Bd5 51. Ne1 Be4 52. Kc3 f5 53. Kd4 Kd7 54. Ke3 Kc6 55. Nf3 Bxf3 56. Kxf3 fxg4+ 57. Kxg4 Kd5 58. Kg3 Ke4 59. Kg4 Kd5 60. Kf3 Kd4 1/2-1/2

[Event "RUS-chT2"]
[Site "Novokuznetsk"]
[Date "2003.??.??"]
[Round "8"]
[White "Mezentsev, Igor"]
[Black "Kharkovsky, Dmitry"]
[Result "0-1"]
[WhiteElo "2292"]
[BlackElo "2104"]
[PlyCount "62"]
[EventDate "2003.??.??"]
[EventType "team"]
[EventRounds "9"]
[EventCountry "RUS"]
[SourceTitle "EXT 2005"]
[Source "ChessBase"]
[SourceDate "2004.11.15"]
[SourceVersion "1"]
[SourceVersionDate "2004.11.15"]
[SourceQuality "1"]

1. e4 e6 2. d4 d5 3. Nc3 Nf6 4. Bg5 Bb4 5. Nge2 dxe4 6. a3 Be7 7. Bxf6 Bxf6 8. Nxe4 Nd7 9. g3 0-0 10. Bg2 c5 11. c3 Qb6 12. Rb1 cxd4 13. Nxf6+ Nxf6 14. Qxd4 Qb5 15. c4 Qh5 16. Nf4 Qf5 17. Qd1 g5 18. Ne2 e5 19. 0-0 Be6 20. b3 Rad8 21. Qc1 Rd3 22. h3 Rfd8 23. Nc3 e4 24. Re1 Rd2 25. Re2 Rxe2 26. Nxe2 Rd3 27. Nc3 e3 28. Nd1 e2 29. Nc3 Rd1+ 30. Nxd1 e1Q+ 31. Kh2 Qg6 0-1

[Event "Sibiria Region-ch"]
[Site "Novosibirsk"]
[Date "2003.??.??"]
[Round "2"]
[White "Zablotsky, Sergei"]
[Black "Kharkovsky, Dmitry"]
[Result "1/2-1/2"]
[WhiteElo "2451"]
[BlackElo "2186"]
[PlyCount "127"]
[EventDate "2003.05.??"]
[EventType "swiss"]
[EventRounds "9"]
[EventCountry "RUS"]
[SourceTitle "EXT 2008"]
[Source "ChessBase"]
[SourceDate "2007.11.25"]
[SourceVersion "1"]
[SourceVersionDate "2007.11.25"]
[SourceQuality "1"]

1. e4 e6 2. Nf3 d5 3. e5 c5 4. b4 cxb4 5. a3 Nc6 6. axb4 Bxb4 7. c3 Be7 8. d4 h5 9. h4 Nh6 10. Bd3 Nf5 11. g3 Bd7 12. Bg5 b5 13. Na3 b4 14. Nb5 a6 15. Bxe7 Ncxe7 16. Nd6+ Nxd6 17. exd6 Nc8 18. Bxa6 Qb6 19. Bxc8 Rxc8 20. cxb4 Qxb4+ 21. Qd2 Qxd6 22. 0-0 f6 23. Ra7 0-0 24. Rfa1 Rc7 25. R1a6 Rc6 26. Rxc6 Qxc6 27. Qb4 Ra8 28. Rxa8+ Qxa8 29. Qe7 Qe8 30. Qd6 Bb5 31. Ne1 Qc6 32. Qb8+ Kh7 33. Kh2 Qc4 34. Ng2 Qe2 35. Qf4 Bd3 36. Qe3 Qxe3 37. Nxe3 Be4 38. f4 Kg6 39. Kg1 e5 40. fxe5 fxe5 41. dxe5 d4 42. Nc4 Kf5 43. Kf2 Bd5 44. Nd2 Kxe5 45. Ke2 Kf5 46. Kf2 Bc6 47. Ke2 Ke5 48. Ke1 d3 49. Kf2 Kd4 50. Nb1 Be4 51. Nd2 Bd5 52. Nb1 Ba2 53. Nd2 Kc3 54. Ke1 Bd5 55. Nb1+ Kb2 56. Nd2 Kc2 57. Nf1 Bg2 58. Nd2 Bd5 59. Nf1 d2+ 60. Nxd2 Kd3 61. Nf1 Bg2 62. Kf2 Bxf1 63. Kxf1 Ke3 64. Kg2 1/2-1/2